La economía de Mendoza (Registro nro. 1583)
[ vista simple ]
| 000 -LEADER | |
|---|---|
| fixed length control field | 01668 a2200205 4500 |
| 001 - CONTROL NUMBER | |
| control field | 27333 |
| 005 - DATE AND TIME OF LATEST TRANSACTION | |
| control field | 20260407155549.0 |
| 008 - FIXED-LENGTH DATA ELEMENTS--GENERAL INFORMATION | |
| fixed length control field | 260407a2001 arg spa d |
| 003 - CONTROL NUMBER IDENTIFIER | |
| control field | AR-UNSa-BCEJYS |
| 040 ## - CATALOGING SOURCE | |
| Original cataloging agency | AR-UNSa-BCEJYS |
| Language of cataloging | spa |
| Transcribing agency | AR-UNSa-BCEJYS |
| 080 ## - UNIVERSAL DECIMAL CLASSIFICATION NUMBER | |
| Universal Decimal Classification number | 330(825.1) |
| Common auxiliary subdivision | Economía de Mendoza |
| 100 1# - MAIN ENTRY--PERSONAL NAME | |
| Personal name | Trapé, Alejandro |
| 245 10 - TITLE STATEMENT | |
| Title | La economía de Mendoza |
| Name of part/section of a work | situación actual y perspectivas |
| 264 #1 - PRODUCTION, PUBLICATION, DISTRIBUTION, MANUFACTURE, AND COPYRIGHT NOTICE | |
| Place of production, publication, distribution, manufacture | Mendoza : |
| Name of producer, publisher, distributor, manufacturer | Universidad Nacional de Cuyo. Facultad de Ciencias Económicas |
| Date of production, publication, distribution, manufacture, or copyright notice | 2001 |
| 300 ## - PHYSICAL DESCRIPTION | |
| Extent | 713 p. |
| Dimensions | 24 cm. |
| 505 ## - FORMATTED CONTENTS NOTE | |
| Formatted contents note | 1. Macroeconomía provincial / Alejandro Trapé - 2. Sector agropecuario / Mónica Calderón, Iris Perlbach - 3. Extracción de petróleo y otras actividades mineras / Mónica Calderón, Iris Perlbach - 4. Sector industria manufactura / Iris Perlbach, Mónica Calderón - 5. Electricidad, gas y agua / Iris Perlbach, Mónica Calderón - 6. Sector construcciones / Aldo Mendawar, María E. Carretero de Gil - 7. Comercio, restaurantes y hoteles / Mabel García de Piña, Elizabeth Pasteris de Solavallone - 8. Transporte, almacenamiento y comunicaciones / Mabel García de Piña, Pedro A. Marsonet - 9. Sector establecimientos financieros, seguros, renta de la propiedad inmueble y servicios prestados a las empresas / Aldo Medawar, María E. Carretero de Gil - 10. Turismo / Zulema Tomassetti de Piacentini - 11. Recursos hídricos / Jorge Day, Valeria Mendoza - 12. El sector educativo / Gustavo Maradona. |
| 590 ## - LOCAL NOTE (RLIN) | |
| Local note | niveau_biblio:m niveau_hierar:0 |
| 856 41 - ELECTRONIC LOCATION AND ACCESS | |
| Uniform Resource Identifier | <a href="https://biblioeco.unsa.edu.ar/pmb/images/libros/La Economia de Mendoza Situacion Actual y Perspectivas-l117921.jpg">https://biblioeco.unsa.edu.ar/pmb/images/libros/La Economia de Mendoza Situacion Actual y Perspectivas-l117921.jpg</a> |
| Link text | Imagen de portada |
| Electronic format type | image/jpeg |
| 942 ## - ADDED ENTRY ELEMENTS (KOHA) | |
| Koha item type | |
| Withdrawn status | Lost status | Damaged status | Not for loan | Home library | Current library | Shelving location | Date acquired | Total checkouts | Full call number | Barcode | Date last seen | Price effective from | Koha item type |
|---|---|---|---|---|---|---|---|---|---|---|---|---|---|
| Biblioteca Prof. Eusebio Cleto del Rey | Biblioteca Prof. Eusebio Cleto del Rey | 07/04/2026 | 330(825.1) T773 | L117921 | 07/04/2026 | 07/04/2026 | Libro |